• ROCK STRUMENTAL [DISCHI]

di Topical Term

Records bibliografici associati: 1

001 - CONTROL NUMBER

  • control field: 22832

003 - CONTROL NUMBER IDENTIFIER

  • control field: IT-RoPau

005 - DATE AND TIME OF LATEST TRANSACTION

  • control field: 20140429114752.0

008 - FIXED-LENGTH DATA ELEMENTS

  • fixed length control field: 140429|| aca||aabn | a|a d

040 ## - CATALOGING SOURCE

  • Original cataloging agency: IT-RoPau
  • Transcribing agency: IT-RoPau

150 ## - HEADING--TOPICAL TERM

  • Topical term or geographic name entry element: ROCK STRUMENTAL [DISCHI]
  • : Codice MATERIA SPICS: 9950

670 ## - SOURCE DATA FOUND

  • Source citation: Work cat.: (IT-RoPau)102887: Hendrix Jimi 2655, Live At Winterland (The Jimy Hendrix Experience) Lp 833 004-1
CREDITS: SOCIETA' SAN PAOLO Via A.Severo, 58 - ROMA (RM) & PERIODICI SAN PAOLO SRL Via Giotto, 36 MILANO & CISF Via Giotto, 36 MILANO & EDIZIONI SAN PAOLO SRL,  Piazza Soncino, 5 CINISELLO BALSAMO (MI) -- ITALY